Statistical book : 1998.
| Format: | Book |
|---|---|
| Published: |
[s.l]:
National Co'poration for Information and Documentationt,
1998.
|
| Subjects: |
| LEADER | 00408cam a2200133 7i4500 | ||
|---|---|---|---|
| 001 | 0000008277 | ||
| 005 | 20001006090000.0 | ||
| 090 | 0 | 0 | |a STAT 310.9 |b STA (LIBY) |
| 245 | 0 | 0 | |a Statistical book : |b 1998. |
| 260 | 0 | 0 | |a [s.l]: |b National Co'poration for Information and Documentationt, |c 1998. |
| 300 | # | # | |a 50 p. |
| 650 | 0 | 0 | |a Statistics -- |z Libya |
| 651 | 0 | 0 | |a Libya |
| 999 | |a 0000011775 |b Book |c Countries |e Business Information Centre | ||